Ekonomické minimum pomôcka pre maturantov a uchádzačov o štúdium na vysokých školách
Saved in:
| Main Author: | |
|---|---|
| Format: | Book |
| Language: | Slovak |
| Published: |
Nitra
Enigma
2020
|
| Subjects: | |
| Tags: |
No Tags, Be the first to tag this record!
|
MARC
| LEADER | 00000nam a2200000 4500 | ||
|---|---|---|---|
| 001 | 0287168 | ||
| 005 | 20240221115916.1 | ||
| 020 | |a 978-80-8133-096-4 | ||
| 041 | 0 | |a slo | |
| 044 | |a SK | ||
| 245 | 1 | 0 | |a Ekonomické minimum |b pomôcka pre maturantov a uchádzačov o štúdium na vysokých školách |c Vieroslava Holková |
| 264 | 1 | |a Nitra |b Enigma |c 2020 | |
| 300 | |a 330 s. | ||
| 610 | 2 | 0 | |a školy stredné odborné |
| 610 | 2 | 0 | |a skúšky prijímacie |
| 610 | 2 | 0 | |a vzdelávanie vysokoškolské |
| 610 | 2 | 0 | |a vzdelanie ekonomické |
| 610 | 2 | 0 | |a ekonómia |
| 610 | 2 | 0 | |a teórie ekonomické |
| 610 | 2 | 0 | |a mikroekonomika |
| 610 | 2 | 0 | |a makroekonomika |
| 610 | 2 | 0 | |a podnik |
| 610 | 2 | 0 | |a hospodárstvo podnikové |
| 100 | 1 | |a Holková, Vieroslava | |